Projektfinanszírozási kockázatok és kezelésük - A Sberbank Magyarország Zrt. gyakorlata

Bibliographic Details
Main Author: Márk Bence
Other Authors: Farkas Dr. habil. Szilveszter
Format: Thesis
Kulcsszavak:Projektfinanszírozás
Kockázatkezelés
Bank
Sberbank Magyarország
Online Access:http://dolgozattar.uni-bge.hu/17304

MARC

LEADER 00000nta a2200000 i 4500
001 dolg17304
005 20190403125420.0
008 180517suuuu hu om 000 hun d
040 |a BGE Dolgozattár Repozitórium  |b hun 
041 |a hu 
100 1 |a Márk Bence 
245 1 0 |a Projektfinanszírozási kockázatok és kezelésük - A Sberbank Magyarország Zrt. gyakorlata  |c Márk Bence  |h [elektronikus dokumentum] 
695 |a Projektfinanszírozás 
695 |a Kockázatkezelés 
695 |a Bank 
695 |a Sberbank Magyarország 
700 1 |a Farkas Dr. habil. Szilveszter  |e ths 
856 4 0 |u http://dolgozattar.uni-bge.hu/17304/1/M%C3%A1rk_Bence_NSU5UZ_P%C3%A9nz%C3%BCgy%20MsC_2017-2018_2.pdf  |z Dokumentum-elérés 
856 4 0 |u http://dolgozattar.uni-bge.hu/17304/2/titkositasi-kerelem-20180509.pdf  |z Dokumentum-elérés